A Thousand Years by Christina Perri (all lyrics) - Statistics

General Stats
  • This quiz has been taken 492 times
  • The average score is 180 of 217
Answer Stats
Answer % Correct
a
98%
I
98%
be
96%
love
96%
you
96%
thousand
95%
for
94%
For
94%
years
94%
afraid
91%
have
91%
loved
89%
more
89%
and
88%
And
88%
don't
88%
to
88%
waiting
88%
Darling
86%
Every
86%
Heart
85%
heart
85%
How
85%
brave
84%
can
84%
All
83%
all
83%
died
83%
when
83%
I'll
82%
I'm
82%
everyday
81%
my
80%
of
80%
Beats
79%
closer
79%
fast
79%
One
79%
promises
79%
step
79%
stand
78%
will
76%
fall
75%
Colors
74%
alone
73%
away
72%
me
72%
Time
72%
watching
72%
in
70%
is
68%
doubt
67%
somehow
66%
goes
65%
suddenly
65%
not
63%
your
61%
she
60%
Beauty
59%
has
57%
still
57%
would
56%
let
55%
find
54%
breath
53%
But
53%
come
52%
along
51%
this
51%
front
50%
take
50%
standing
49%
stands
49%
believed
48%
anything
45%
hour
45%
brought
43%
What's
33%
No matching quizzes found
Score Distribution
Percent of People with Each Score
Percentile by Number Answered
Your Score History
You have not taken this quiz